L'homme en société, ou, Nouvelles vues politiques et économiques pour porter la population au plus haut degré en France.

Detalles Bibliográficos
Formato: Libro
Lenguaje:Undetermined
French
Publicado: a Amsterdam : chez Marc Michel Rey, 1763.
Materias:
Colección:Banco de datos
Acervo:Biblioteca Palafoxiana. Colección bibliográfica
Descripción Física:t. ; 4°
Tema general:Sociología
Notas:Número de localización: t.1 (32540) ; t.2 (32541)
LEADER 00571nam a2200157Ia 4500
008 150723s9999 xx 000 0 und d
041 0 |a fre 
050 0 |a PAFX HM19 H6 
245 1 0 |a L'homme en société, ou, Nouvelles vues politiques et économiques pour porter la population au plus haut degré en France. 
260 |a a Amsterdam : chez Marc Michel Rey, 1763. 
300 |a t. ; 4° 
500 |a Número de localización: t.1 (32540) ; t.2 (32541) 
650 1 0 |a Sociología 
942 |c PALALIB 
943 |g Biblioteca Palafoxiana. Colección bibliográfica 
999 |c 1058151  |d 1058151